000 00888nam a2200265 i 4500
001 186372
003 SpMaBN
005 20230906222645.0
008 161031s1984 sp cd |||| |dspa d
020 _a84-7291-627-8
080 _a521.1(035.3)"16"
100 1 _aNewton, Isaac
_cSir.
_985508
245 1 3 _aEl sistema del mundo /
_cIsaac Newton ; [traducción, Eloy Rada García].
260 _aMadrid :
_bSarpe,
_c[1984]
300 _a174 p. :
_b1 retr., gráf. ;
_c18 cm.
490 1 _aLos grandes pensadores ;
_v27
500 _aCronología.
500 _aGlosario.
504 _aBibliografía: p. [21]
650 _aMecánica celeste-
_vObras anteriores a 1800.
_914874
700 1 _aRada García, Eloy.
_994903
830 0 _aLos grandes pensadores ;
_v27
_9182825
852 _aES-MaACL
_jL-30739
_z-enc. guaflex
_z. - Donat. Miguel A. Velasco
999 _c186372
_d186372